Video Games By Image A-Z #3 - Statistics

General Stats
  • This quiz has been taken 128 times
  • The average score is 8 of 26
Answer Stats
Picture Answer % Correct
Crash Bandicoot
89%
Fall Guys
88%
Hollow Knight
67%
Q*Bert
55%
Kid Icarus
51%
DigDug
50%
Peggle
42%
Minecraft Dungeons
38%
Unpacking
38%
Zuma
28%
Yooka-Laylee
26%
Wrecking Crew
24%
Lego Worlds
23%
Slay The Spire
23%
Balan Wonderworld
18%
OneShot
17%
Road 96
17%
N++
15%
XCOM 2
11%
Tak and the Power of Juju
10%
Viva Piñata: Trouble in Paradise
10%
Escape From Tarkov
8%
Anarcute
5%
Garden Story
5%
Island Saver
3%
Jetpac Refuelled
2%
No matching quizzes found
Score Distribution
Percent of People with Each Score
Percentile by Number Answered
Your Score History
You have not taken this quiz